| 000 | 01201nas a2200385 4500 | ||
|---|---|---|---|
| 001 | BR0602379 | ||
| 003 | BR-BrBNA | ||
| 005 | 20231205110030.0 | ||
| 007 | ta | ||
| 008 | 230509b bl.|||p| |||| 00| 00por d | ||
| 040 |
_aBR-BrBNA _bpor _cBiblioteca Nacional de Agricultura |
||
| 041 | _a(Pt) | ||
| 072 | _aF04; F61; F08 | ||
| 100 | 1 | _aCeretta, C.A. | |
| 100 | 1 | _aBasso, C.J. | |
| 100 | 1 | _aPavinato, P.S. | |
| 100 | 1 | _aTrentin, E.E. | |
| 100 | 1 | _aGirotto, E. | |
| 245 | 1 | _aProdutividade de grãos de milho, produção de matéria seca e acúmulo de nitrogênio, fósforo e potássio na rotação aveia preta/milho/nabo forrageiro com aplicação de dejeto líquido de suínos | |
| 650 | _aMILHO | ||
| 650 | _aAVEIA FORRAGEIRA | ||
| 650 | _aCOLZA | ||
| 650 | _aPRODUÇÃO VEGETAL | ||
| 650 | _aDEJETO | ||
| 650 | _aSUÍNO | ||
| 650 | _aADUBAÇÃO | ||
| 650 | _aROTAÇÃO DE CULTURA | ||
| 650 | _aABSORÇÃO DE NUTRIENTES | ||
| 650 | _aNITROGÊNIO | ||
| 650 | _aFÓSFORO | ||
| 650 | _aPOTÁSSIO | ||
| 773 | 0 |
_tCiência Rural (Brazil) _xISSN 0103-8478 _g(Nov-Dec 2005), v. 35(6) p. 1287-1295 _wBR0602379 |
|
| 909 |
_a202311 _bLúcia _c55 _dLúcia Elande |
||
| 942 |
_2AGRIS _n0 _cANA |
||
| 999 |
_c185904 _d185904 |
||